Histoire de France pour les Paffs - Statistiques

Statistiques générales
  • Ce quiz a été pris 49 fois
  • Le résultat moyen est 6 sur 15
Statistiques - réponses
Hint Réponse % Correct
Quel roi français est connu sous le nom de saint Louis ? Louis IX
88%
Quel sport populaire au XVIIIe a donné son nom à un serment ? Le jeu de paume
85%
Quelle période est marquée par le retour de la culture antique ? La Renaissance
73%
Quel grand artiste et génie, Francois Ier fit venir à la cour de France ? De Vinci
59%
Quel roi est la figure de la courte trêve entre catholiques et protestants ? Henri IV
56%
Quelle ligne de fortifications construite par la France le long de sa frontière avec la Belgique, le Luxembourg, l'Allemagne, la Suisse et l'Italie était censée protéger la France d'une éventuelle invasion ? La Ligne Maginot
56%
Quel autre village français est célèbre pour l'horreur qu'ont vécue ses habitants lors de la retraite des allemands en 1944 ? Oradour-sur-Glane
46%
Quel mouvement artistique est né d'un lever de soleil dans le port du Havre ? L'impressionnisme
29%
Quelle est la date exacte de la déclaration des droits de l'homme et du citoyen ? 26 août 1789
20%
A quoi, Clovis est-il poussé après la victoire à la bataille de Tolbiac ? Au baptême
20%
Quelle période vient interrompre le règne de Louis XVIII ? Les cents jours
15%
Que s'est-il passé le 13 octobre 1307 ? Arrestation des Templiers
12%
Qui commanda au nom du roi, le siège de La Rochelle pendant près d'un an ? Cardinal Richelieu
10%
Quelle croisade avait pour but d'éradiquer une branche religieuse du sud ouest de la France considérée comme hérétique ? Des Albigeois
10%
Quel village français est considéré comme l'un des nombreux mystères des Templiers ? Rennes-le-Château
5%
Aucun quiz correspondant
Distribution des résultats
% des personnes avec chaque résultat
Percentile par nombre de réponses
Votre historique - résultats
Vous n’avez pas pris ce quiz